| 000 | 00701nam0a22002531 4500 | ||
|---|---|---|---|
| 001 | RU\NLR\A1SV\154322 | ||
| 005 | 20251203171251.9 | ||
| 035 | _a(NLR Aleph) 012170223 | ||
| 090 |
_a12238334 _c12238334 |
||
| 100 | _a20191219d1922 u y0rusy50 ca | ||
| 101 | 0 | _arus | |
| 102 | _aRU | ||
| 200 | 1 |
_aОглавление циркуляров по дороге, за 1921 г. _fМоск.-Балт. ж. д. |
|
| 210 |
_a[М.] _d1922 |
||
| 215 |
_a8 с. _cтабл. _d23 см |
||
| 620 | _dМосква | ||
| 710 | 0 | 2 | _aМосковско-Балтийскаяя ж. д. |
| 801 | 0 |
_aRU _bNLR _c20191219 |
|
| 899 | _aРГБ | ||
| 899 | _aРГБ | ||
| 942 | _cBOOK | ||
| 980 | _aNB | ||
| 980 | _aA1SV | ||